000 00450nam a2200181Ia 4500
008 090123s9999 xx 000 0 und d
082 _b36813
100 _aओक संजय
245 _aतन मन
250 _a1
260 _bविद्या प्रकाशन
_c2004
300 _a240
600 _aओक संजय
630 _aतन मन
700 _aओक संजय
730 _aतन मन
942 _cBOOK
999 _c74880
_d74880